000 00342nam a2200145 a 4500
005 20140412111423.0
008 080122s19uu xx 00 eng d
020 _a1-59060-501-2
050 _aM 220.9
_bJ49
245 _aJesus.
260 _bPlaymore inc.
_aChina :
440 _aBible pop-up
650 _aBible stories
999 _c106113
_d106113